| 000 | 01271nam0a22003251 4500 | ||
|---|---|---|---|
| 001 | RU\INFOCOMM_322\NLR\5000160644 | ||
| 005 | 20250613110224.0 | ||
| 035 | _a(NLR Aleph) 009553796 | ||
| 090 |
_a9024723 _c9024723 |
||
| 100 | _a20130208d1990 |||y0rusy50 ca | ||
| 101 | 0 | _aeng | |
| 102 | _aRU | ||
| 105 | _ay z ||||| | ||
| 200 | 1 |
_aOn the surface vibration spectra of micelles and vesicles _fV. Lisy |
|
| 210 |
_aДубна _cОбъед. ин-т ядер. исслед. _d1990 |
||
| 215 |
_a12 с. _d21 см |
||
| 225 | 1 |
_aОбъединенный институт ядерных исследований, Дубна _vE17-90-390 |
|
| 300 | _aНа 3-й с. обл.: О спектрах поверхностных колебаний мицелл и везикул / Лисы В. | ||
| 300 | _aРез. на рус. яз. | ||
| 300 | _a"Submitted to "Physics letters A" | ||
| 320 | _aБиблиогр.: с. 12 | ||
| 606 | 0 |
_aПоверхностно-активные вещества _xСпектры _91921279 _3RU\NLR\AUTH\66876517 |
|
| 686 |
_aЛ785.3-1 _2rubbk |
||
| 700 | 1 |
_9z01790 _aLisý _bV. |
|
| 790 | 1 |
_9z01700 _aLisy _bV. _4070 |
|
| 801 | 1 |
_aRU _bInfocomm _c20130208 |
|
| 801 | 0 |
_aRU _bINFOCOMM _gPSBO |
|
| 852 |
_aNLR _jТ45 Д-4/423 |
||
| 942 | _cBOOK | ||
| 980 | _aNB | ||